000 00403 a2200145 4500
005 20250605125651.0
020 _a978-0-367-72565-5
082 _a690.2 GRE
100 _aGREENHALG,B
245 _aConstruction Procurement: Complex Property Development.
260 _aLondon
_bRoutledge
_c2022
300 _aviii, 316p;,ill;,figure,table
_bindex
_c23cm
700 _aSQURES,G&MAHAMADU A.
942 _2ddc
_cBKS
999 _c3224
_d3224